00600nam a2200181 a 450000100060000000300090000600800410001504000280005608200180008410000260010224500680012826000470019630000080024350000890025165000490034094200120038999900170040114480CO-ViMGA141112s2004 ck r 000 u spa d aCO-ViMGAbspacCO-ViMGA aFr986.1 O433v1 aOjeda O., Tomas9414310aVillavicencio entre la documentalidad y la oralidad 1880 - 1980 aVillavicencio : bOscar Giraldo D., c2000 a354 aEn : Villavicencio entre la documentalidad y la oralidad 1880 - 1980; FR 986.1 O433v14aVILLAVICENCIO - HISTORIA - 1880 - 198094144 2ddccBK c11487d11487